000 00397nam a22001337a 4500
999 _c130245
_d130245
008 200131b ||||| |||| 00| 0 eng d
050 _aDC249.H86
100 _aHowarth, David
_940255
245 _aA near run thing
_bthe day of the water loo
_cDavid Howarth
260 _aLondon
_bCollins
_c1968
300 _aviii, 239p. ;
_c23cm.
650 _aWaterloo, Battle of
_949230
942 _2lcc
_cMONOGRAPH